| 000 | 00358nam a22001457a 4500 | ||
|---|---|---|---|
| 003 | MACL | ||
| 005 | 20210326151741.0 | ||
| 008 | 210326b xxu||||| |||| 00| 0 eng d | ||
| 040 | _cMACL | ||
| 100 |
_aमहेश मिश्र _980957 |
||
| 245 | _aTricky Mathematics | ||
| 260 |
_aDelhi _bSuitra Prakshan |
||
| 650 |
_aMaths _980958 |
||
| 942 |
_2ddc _cHIN |
||
| 999 |
_c64172 _d64172 |
||